[Event "Pan-AM College-chT 2018"]
[Site "Burlingame"]
[Date "2018.12.28"]
[Round "3"]
[White "Reshef, Omer"]
[Black "Bok, Benjamin"]
[Result "1-0"]
[WhiteElo "2490"]
[BlackElo "2643"]
[Annotator "TA"]
[PlyCount "81"]
[EventDate "2018.12.28"]
[EventType "swiss"]
[EventCountry "USA"]
[SourceTitle "playchess.com"]
[Source "ChessBase"]
[SourceQuality "1"]

{[%evp 17,81,16,35,14,20,11,31,27,23,-13,-9,-9,-8,-20,0,0,29,-7,0,0,73,78,77,101,128,118,160,145,128,122,125,118,208,221,233,224,214,220,223,170,157,175,175,140,416,402,422,434,437,424,483,476,466,409,437,437,486,481,622,683,1155,1131,1116,1097,1155,1106]} 1. e4 c5 2. Nf3 d6 3. Bb5+ Nd7 4. Ba4 (4. O-O a6 5. Bd3 Ngf6 6. Re1 e6 7. a4 b6 8. b3 Bb7 9. Bb2 Be7 10. Na3 O-O 11. e5 Ne8 12. Nc4 d5 {½-½ (31) Amin,B (2709)-Saric,I (2692) Zagreb 2018}) 4... Ngf6 5. O-O a6 6. c4 {B51: Sicilian: Moscow Variation (3 Bb5+) without 3...Bd7} g6 7. Nc3 Bg7 8. d3 O-O 9. h3 b6 {LiveBook: 4 Games} 10. Be3 Bb7 11. Qd2 e6 $146 ({Predecessor:} 11... Re8 12. Bh6 {1-0 (42) Saveliev,D (2166)-Mirzaev,A (2276) Ulyanovsk 2016}) 12. Bh6 Ne5 13. Nxe5 dxe5 14. Be3 Qc7 15. Rab1 Rad8 16. f3 Nh5 17. b4 Nf4 18. Bc2 {[#]} cxb4 (18... b5 $1 $11 {[%mdl 512] keeps the balance.}) 19. Rxb4 $16 b5 20. Rfb1 $1 Rd7 {[#]} 21. Na4 $1 {[%mdl 512]} bxa4 22. Rxb7 Qxb7 23. Rxb7 Rxb7 24. Bxa4 Rb1+ (24... Rd8 $16 {was necessary.}) 25. Kh2 $18 Rfb8 {[#] White must now prevent ...R8b2.} 26. Bb3 $1 ({Not} 26. Bxf4 R1b2 $14) 26... a5 27. Qxa5 Rb2 28. Qc7 Rf8 29. Bxf4 exf4 30. e5 {And now c5 would win.} ({But not} 30. Qxf4 $6 Rd8 $14) 30... Bh6 $2 {[%mdl 8192]} (30... Rd2 $16 {was called for.}) 31. Qe7 Rd2 32. c5 {[%cal Bc4c5,Bc5c6,Bc6c7][%mdl 32]} Rxd3 {[#]} 33. c6 $1 Rc3 34. c7 Bg7 35. Qd6 h5 {Now ...Kh7 and Black clings on.} 36. Ba4 {White is clearly winning.} Kh7 37. Bc6 Rc8 38. Qd7 $1 {[%csl LRc8,LRf7][%mdl 64] Double Attack} Rxc6 39. Qxc6 Bxe5 40. Qb5 Bxc7 41. Qb7 {Accuracy: White = 74%, Black = 38%.} 1-0

[Event "Pan-AM College-chT 2018"]
[Site "Burlingame"]
[Date "2018.12.28"]
[Round "3"]
[White "Berczes, David"]
[Black "Swiercz, Dariusz"]
[Result "1/2-1/2"]
[WhiteElo "2472"]
[BlackElo "2649"]
[Annotator "TA"]
[PlyCount "130"]
[EventDate "2018.12.28"]
[EventType "swiss"]
[EventCountry "USA"]
[SourceTitle "playchess.com"]
[Source "ChessBase"]
[SourceQuality "1"]

{[%evp 21,130,31,41,6,13,12,25,32,30,0,0,0,14,22,22,0,0,0,0,0,0,-14,18,0,29,12,108,0,0,-18,0,0,0,0,0,0,0,0,0,-46,-44,-43,-28,-43,-36,-33,0,-153,-144,-145,-141,-133,-147,-148,-148,-159,-157,-236,-226,-231,-236,-234,-233,-211,-216,-189,-158,-220,-158,-158,-150,-145,-37,-47,-43,-100,-34,-41,-8,-59,-59,-59,-59,-59,-60,-67,-8,-8,-8,-8,-8,-8,-8,-8,-8,-8,-8,-8,-8,-8,-8,-8,-8,-8,-8,-8,-8,-8,-8,-8,-8]} 1. Nf3 Nf6 2. c4 b6 3. g3 c5 4. Bg2 Bb7 5. O-O g6 6. b3 Bg7 7. Bb2 O-O 8. d4 cxd4 9. Qxd4 d6 10. Nc3 Nbd7 11. Ne1 {[%cal Bf3e1,Be1c2,Bc2b4][%mdl 32] A30: Symmetrical English: Double Fianchetto and Hedgehog} (11. Rac1 Rc8 12. Rfd1 Rc5 13. Ne1 Bxg2 14. Nxg2 Re8 15. Nd5 b5 16. Nge3 bxc4 17. Rxc4 Qb8 18. Rxc5 Nxc5 19. Nxf6+ Bxf6 20. Qd2 Bxb2 21. Qxb2 {1-0 (48) Bu,X (2725)-Dubov,D (2696) Liaocheng 2018}) 11... Bxg2 {LiveBook: 4 Games} 12. Kxg2 $146 ({Predecessor:} 12. Nxg2 a6 13. Ne3 Rb8 14. Rfd1 Re8 15. Rac1 Qc8 16. Ncd5 h5 17. Rc2 Qb7 18. Qf4 Rbc8 {½-½ (48) Hungaski,R (2510)-Cordova,E (2621) Montevideo 2018}) 12... a6 13. f3 Qb8 14. Nc2 Nc5 15. Nb4 e6 {White must now prevent ...Nd5.} 16. Qd2 b5 17. cxb5 axb5 18. e4 Rc8 19. Qe2 Nfd7 20. Rac1 Qb6 21. Rc2 Rab8 22. Rfc1 Ne5 23. Nb1 Qa5 {[#]} (23... Qb7 $11 {remains equal.}) 24. a3 (24. Bxe5 $1 $16 Bxe5 25. Nd3) 24... Qa8 $11 25. Nd2 h5 26. h3 Ned7 27. Bxg7 Kxg7 28. Qe3 $1 e5 ({Of course not} 28... Qxa3 $6 29. Qc3+ Nf6 30. Ra1 $16) 29. Nd5 Ne6 30. Rxc8 Rxc8 31. Rxc8 Qxc8 32. Qc3 $1 {[%cal Rc3c8]} Qa6 33. b4 h4 {aiming for ...hxg3.} 34. gxh4 $2 ({Better is} 34. f4 $1 $11) 34... Nf6 $17 35. Nxf6 Kxf6 36. Nf1 Nf4+ {[%mdl 1024] Black has strong compensation.} 37. Kh2 Kg7 38. Ne3 Qa7 39. h5 (39. Qc1 $17) 39... Qd7 $19 ({Resist} 39... Nxh5 40. Ng4) ({And not} 39... gxh5 40. Nf5+ Kf6 41. Qe1 $11) 40. h6+ Kxh6 41. Ng4+ Kg7 42. Nf2 Qe6 43. Qd2 Qf6 44. Nd3 (44. Qd1 $17) 44... Ne6 45. Qe3 Qh4 46. Qf2 Qxf2+ (46... Qh6 $17 47. Kg2 Qg5+ 48. Kh2 Qe7) 47. Nxf2 $17 {[%mdl 4096] Endgame KN-KN} Nd4 48. Kg3 ({White should try} 48. Kg2 $15) 48... Nc2 (48... Ne2+ $17 49. Kg4 Nd4) 49. Nd1 $1 $15 Nxa3 {With the idea ...Nc2.} 50. Nc3 (50. Ne3 $1 $11) 50... Kf6 51. Kg4 Ke6 52. f4 exf4 $1 53. Kxf4 Nc2 (53... f6 $1 $15) 54. Nd5 $1 $11 {The position is equal.} Nd4 55. h4 Nc6 56. Nc7+ Kd7 57. Nxb5 Nxb4 58. Kg5 $1 Ke6 {[#]} 59. Nxd6 $1 {[%mdl 512]} Kxd6 {KN-KPP} 60. Kf6 Nc6 {Threatens to win with ...Ne5.} 61. Kxf7 Ne5+ 62. Kf6 Nf3 63. Kxg6 Nxh4+ 64. Kf6 Nf3 65. e5+ Nxe5 {Accuracy: White = 63%, Black = 50%.} 1/2-1/2

[Event "Pan-AM College-chT 2018"]
[Site "Burlingame"]
[Date "2018.12.28"]
[Round "3"]
[White "Stremavicius, Titas"]
[Black "Bruzon Batista, Lazaro"]
[Result "1-0"]
[WhiteElo "2456"]
[BlackElo "2664"]
[Annotator "TA"]
[PlyCount "73"]
[EventDate "2018.12.28"]
[EventType "swiss"]
[EventCountry "USA"]
[SourceTitle "playchess.com"]
[Source "ChessBase"]
[SourceQuality "1"]

{[%evp 12,73,-13,-20,0,0,0,0,0,4,5,0,0,0,7,0,22,0,0,-19,0,-22,-20,-36,-41,-37,-35,-18,0,8,8,7,24,0,31,-9,19,0,0,-17,662,667,720,704,737,736,736,736,854,839,940,916,961,952,1037,1017,1024,1020,1048,1025,1362,1352,1306,1305]} 1. c4 e5 2. Nc3 Nc6 {[%cal Bb8c6,Bc6e7,Be7g6][%mdl 32]} 3. Nf3 Nf6 4. e4 Bb4 5. d3 d6 6. h3 {A28: English Opening: Four Knights Variation} (6. a3 Bc5 7. b4 Bb6 8. Na4 Bd4 9. Nxd4 Nxd4 10. Nc3 c6 11. Ne2 Ne6 12. g3 d5 13. exd5 cxd5 {½-½ (41) Pantsulaia,L (2589)-Bareev,E (2666) Batumi 2018}) 6... O-O 7. Be2 {LiveBook: 3 Games} Ne7 8. O-O {The position is equal.} Bxc3 9. bxc3 Ng6 10. Re1 $146 ({Predecessor:} 10. Be3 h6 11. Re1 b6 12. Nh2 Nd7 13. g3 Ne7 {½-½ (86) Fedukin,A (2124)-Behling,H (2264) ICCF email 2016}) 10... h6 11. Rb1 Re8 12. Nh2 c6 13. Ng4 b6 14. Ne3 Be6 15. Bf1 Rc8 16. Qf3 d5 17. cxd5 cxd5 18. exd5 Nxd5 19. c4 Nf6 20. Bb2 Rc7 21. Rbd1 Rd7 22. g3 Nh7 23. Qh1 Nhf8 24. Be2 f6 25. Bf3 {next Bc6 is good for White.} Rxd3 $2 {[%mdl 8192] [#]} (25... Ne7 $11) 26. Rxd3 $18 {White is clearly winning.} Qxd3 27. Rd1 Qxd1+ 28. Bxd1 Rd8 29. Bc2 f5 30. Qc6 e4 31. Nd5 Rd7 32. Bb3 Kh7 33. h4 h5 34. Qa8 Rf7 35. Qe8 Rd7 36. Ba3 Bf7 37. Qc8 {Accuracy: White = 62%, Black = 41%.} 1-0

[Event "Pan-AM College-chT 2018"]
[Site "Burlingame"]
[Date "2018.12.28"]
[Round "3"]
[White "Hilby, Craig"]
[Black "Cori, Jorge"]
[Result "0-1"]
[WhiteElo "2445"]
[BlackElo "2689"]
[Annotator "TA"]
[PlyCount "86"]
[EventDate "2018.12.28"]
[EventType "swiss"]
[EventCountry "USA"]
[SourceTitle "playchess.com"]
[Source "ChessBase"]
[SourceQuality "1"]

{[%evp 13,86,4,62,63,67,67,75,70,81,71,75,72,87,79,93,83,104,104,127,104,104,104,139,121,154,112,119,109,111,97,110,112,120,120,145,145,145,141,122,134,145,145,145,94,91,21,31,38,19,19,64,57,64,58,93,93,87,87,140,88,92,46,81,0,0,-545,-506,-666,-666,-29991,-29992,-29992,-29993,-29993,-29992]} 1. d4 Nf6 2. c4 e6 3. Nf3 {[%cal Bg1f3,Bf3d4,Bd4f5][%mdl 32]} b6 4. g3 Bb7 5. Bg2 Be7 6. O-O O-O 7. d5 d6 {LiveBook: 3 Games} (7... exd5 $11 8. Nh4 c6) 8. Nd4 {E17: Queen's Indian: 4 g3 Bb7 5 Bg2 Be7} e5 9. Nf5 a5 10. Nc3 {White is better.} Na6 11. e4 Bc8 12. Be3 $146 ({Predecessor:} 12. Ne3 Nc5 13. b3 Ne8 14. Rb1 Bg5 15. Qc2 Bxe3 16. Bxe3 {½-½ (78) Voiska,M (2314)-Greeff,M (2079) Khanty-Mansiysk 2010}) 12... Bxf5 13. exf5 Nc5 14. b3 Nfd7 15. h4 Bf6 16. Qc2 Re8 17. Rab1 Qe7 18. Rfe1 e4 19. Bd2 Bxc3 20. Bxc3 ({Much weaker is} 20. Qxc3 $6 Qe5 $11) 20... Nf6 21. a3 {[%cal Ba2a3,Ba3b4][%mdl 32]} h6 22. Re2 h5 23. b4 axb4 24. axb4 Ncd7 25. Rbe1 Ne5 26. Bxe4 Qd7 27. Bg2 Neg4 28. f3 ({White should try} 28. b5) 28... Ne5 29. Bxe5 (29. b5 $16) 29... Rxe5 30. Rxe5 dxe5 31. Rxe5 Ra1+ 32. Kh2 Qd6 33. Qc3 Rb1 34. c5 bxc5 35. bxc5 Qd7 (35... Qf8 $142) 36. Qd4 (36. d6 $142 cxd6 37. c6) 36... Rc1 $16 37. Qb4 Rc2 38. d6 (38. Kh3 $16) 38... cxd6 $11 39. Qb8+ $2 {[%mdl 8192]} (39. cxd6 $11 {and White is okay.} Qa7 40. Qe1) 39... Kh7 $19 {Strongly threatening ...Ng4+!} 40. Qxd6 {[#]} Qb7 $1 {[%cal Rb7f3] ( -> ...Qxf3)} 41. Re1 Qxf3 {[%csl Gc2][%cal Rf3g2][%mdl 64] Double Attack. Black mates.} 42. Rg1 Ng4+ 43. Kh3 Qxf5 {Accuracy: White = 61%, Black = 67%.} 0-1

[Event "Pan-AM College-chT 2018"]
[Site "Burlingame"]
[Date "2018.12.28"]
[Round "3"]
[White "Derakhshani, Dorsa"]
[Black "Cordova, Emilio"]
[Result "0-1"]
[WhiteElo "2280"]
[BlackElo "2595"]
[Annotator "TA"]
[PlyCount "72"]
[EventDate "2018.12.28"]
[EventType "swiss"]
[EventCountry "USA"]
[SourceTitle "playchess.com"]
[Source "ChessBase"]
[SourceQuality "1"]

{[%evp 25,72,25,18,0,13,6,6,5,5,0,0,0,0,-10,0,0,0,-29,-28,-39,-28,-28,-29,-14,-9,-9,-9,-16,-10,-52,-34,-26,-33,-68,-74,-225,-224,-218,-203,-187,-183,-301,-296,-418,-420,-828,-849,-2375,-2224]} 1. e4 c5 2. Nf3 Nc6 3. d4 cxd4 4. Nxd4 Qb6 5. Nb3 e6 6. Nc3 Nf6 7. Be3 Qc7 8. a3 a6 9. f4 d6 10. Bd3 b5 {B33: Sicilian: Pelikan and Sveshnikov Variations} 11. O-O (11. Qf3 Bb7 12. g4 Nd7 13. g5 Nc5 14. Qh3 b4 15. axb4 Nxb4 16. Nxc5 dxc5 {0-1 (115) Vovk,A (2633)-Pichot,A (2548) chess.com INT 2017}) 11... Bb7 12. Qf3 Be7 13. Qh3 Rc8 {LiveBook: 3 Games} 14. Rae1 h5 15. f5 e5 16. Bg5 Nb8 {[%cal Bc6b8,Bb8d7,Bd7c5][%mdl 32]} 17. Qh4 Nbd7 18. h3 Kf8 $146 19. Rf3 Qd8 20. Nd2 Nc5 21. Nf1 (21. Nb3 {with more complications.} Nfd7 22. Bxe7+ Qxe7 23. Qf2 Nf6 24. Nd2) 21... d5 22. exd5 Nxd5 23. Bxe7+ Qxe7 24. Qxe7+ Nxe7 25. f6 $132 {[%mdl 2048] White is not keeping still} gxf6 26. Rxf6 Rg8 27. g3 Nxd3 28. cxd3 Ng6 29. Kf2 h4 30. g4 $2 (30. Re3 $17) 30... Nf4 $19 31. Re3 Rd8 32. Rb6 Bg2 ({Weaker is} 32... Nxd3+ {[#]} 33. Rxd3 $1 {[%mdl 512]} Rxd3 34. Rxb7 $11) 33. Nh2 (33. Rf6 {is the only way for White.}) 33... Bxh3 34. Rxa6 (34. Kf3 {is a better defense.}) 34... Bxg4 35. Nxb5 {[#]} (35. Nxg4 $142 Rxg4 36. Nxb5) 35... Be2 $1 {[%mdl 512]} 36. Nf3 (36. Rxe2 Rg2+) 36... Rg2+ {Accuracy: White = 24%, Black = 92%.} 0-1

[Event "Pan-AM College-chT 2018"]
[Site "Burlingame"]
[Date "2018.12.29"]
[Round "4"]
[White "Cori, Jorge"]
[Black "Drozdowski, Kacper"]
[Result "1/2-1/2"]
[WhiteElo "2689"]
[BlackElo "2482"]
[Annotator "TA"]
[PlyCount "98"]
[EventDate "2018.12.28"]
[EventType "swiss"]
[EventCountry "USA"]
[SourceTitle "playchess.com"]
[Source "ChessBase"]
[SourceQuality "1"]

{[%evp 17,98,0,0,0,0,0,-10,-18,-16,-27,31,20,33,30,40,9,7,-9,-12,-17,-17,-26,-28,-43,-37,-39,-36,-41,-33,-58,-29,-41,-42,-42,-42,-42,-40,-39,-16,-16,0,0,0,0,0,0,0,0,0,0,0,0,0,0,0,0,0,-6,0,0,0,-30,0,0,0,0,0,0,29988,-29986,-3,-29988,0,-23,0,0,0,-117,-3,-29,-29,-29,0]} 1. d4 d5 2. Nf3 Nf6 3. c4 c6 4. e3 Bg4 5. Nc3 e6 6. h3 Bxf3 7. Qxf3 Bb4 {D11: Slav Defence: 3 Nf3 sidelines and 3...Nf6 4 e3 Bg4} 8. Bd2 (8. Bd3 O-O 9. O-O Nbd7 10. Qd1 Qe7 11. Qb3 Rab8 12. c5 Ba5 13. Qa4 Bc7 14. f4 a5 15. a3 {1-0 (65) Vidit,S (2718)-Shankland,S (2727) Danzhou 2018}) 8... Nbd7 9. Qd1 O-O {LiveBook: 5 Games. The position is equal.} 10. a3 Ba5 11. cxd5 exd5 12. Bd3 Re8 13. Rc1 $146 ({Predecessor:} 13. O-O Bc7 14. Re1 Nf8 15. g3 Ne6 {0-1 (40) Matthiesen,A (2349)-Hansen,S (2543) Denmark 2009}) 13... Bxc3 (13... Bc7 $11) 14. Bxc3 $14 Ne4 15. O-O Nxc3 16. bxc3 b5 17. Re1 Nb6 18. e4 dxe4 19. Rxe4 Qd6 20. Qe2 Rxe4 21. Qxe4 g6 22. Re1 Rd8 23. Qf3 a6 24. h4 Nd5 25. c4 Nf4 26. g3 Ne6 ({Much weaker is} 26... Qxa3 27. gxf4 bxc4 28. Be4 $14) 27. d5 $1 {[%cal Rd5e6]} cxd5 {Strongly threatening ...Nd4.} (27... Nd4 $5 {[%cal Rd4f3]} 28. Qg4 Qf6 $15) 28. cxb5 axb5 29. Qf6 Nc7 30. Qxd6 Rxd6 $11 {[%mdl 4096] Endgame KRB-KRN} 31. Rc1 Rd7 32. Kf1 Kf8 33. Rc5 Ke7 34. Bxb5 Nxb5 35. Rxb5 {KR-KR} Ra7 36. Rb3 Kd6 37. Ke2 h5 38. Kd2 f6 39. Kc2 g5 40. Rb6+ Kc5 41. Rxf6 gxh4 42. gxh4 Ra6 $2 {[%mdl 8192] [#]} (42... Ra4 $11) 43. a4 $4 {[%mdl 8192]} (43. Rxa6 {is the narrow road to win.} Kd4 44. Rh6 Kc5 45. Rxh5 Kd6 46. Rg5 Kc5 47. h5 Kd4 48. h6) 43... Rxa4 $2 (43... Rxf6 44. a5 Rxf2+ 45. Kb3 Rf3+ 46. Kc2 Rh3 47. a6 Rxh4 48. Kc3 Ra4 49. Kd3 Rxa6 50. Ke3 Rf6 51. Kd3 h4 52. Kd2 h3 53. Kd3 h2 54. Kc2 Rf2+ 55. Kc3 h1=Q 56. Kb3 Qf3+ 57. Ka4 Ra2#) 44. Rf4 $2 {[%mdl 8192]} (44. f4 $11) 44... Ra3 $2 (44... Rxf4 {mates} 45. f3 Rxh4 46. Kd3 Rb4 47. Ke3 h4 48. f4 h3 49. Kf3 h2 50. Kg2 Rb2+ 51. Kh1 Kd6 52. f5 Ke5 53. f6 Kf4 54. f7 Kg3 55. f8=Q Rb1+ 56. Qf1 Rxf1#) 45. Rf8 d4 46. Rf5+ Kc4 47. Rf8 {[#]} (47. f4 $11 {keeps the balance.}) 47... Rh3 (47... Ra2+ $1 $17 48. Kc1 Kc3 49. Rc8+ Kd3) 48. Rc8+ Kd5 49. Kd2 Ke5 {Accuracy: White = 56%, Black = 43%.} 1/2-1/2

[Event "Pan-AM College-chT 2018"]
[Site "Burlingame"]
[Date "2018.12.29"]
[Round "4"]
[White "Bruzon Batista, Lazaro"]
[Black "Arribas Lopez, Angel"]
[Result "1-0"]
[WhiteElo "2664"]
[BlackElo "2472"]
[Annotator "ChessBase"]
[PlyCount "81"]
[EventDate "2018.12.28"]
[EventType "swiss"]
[EventCountry "USA"]
[SourceTitle "playchess.com"]
[Source "ChessBase"]
[SourceQuality "1"]
[TimeControl "5400+30"]

1. d4 {[%emt 0:00:00]} d6 {[%emt 0:00:00]} 2. e4 {[%emt 0:02:40]} Nf6 {[%emt 0:00:32]} 3. f3 {[%emt 0:01:26]} e6 {[%emt 0:04:00]} 4. Be3 {[%emt 0:06:19]} d5 {[%emt 0:03:13]} 5. e5 {[%emt 0:00:13]} Nfd7 {[%emt 0:00:29]} 6. f4 {[%emt 0:04:16]} Be7 {[%emt 0:07:02]} 7. Nf3 {[%emt 0:01:14]} b6 {[%emt 0:01:03]} 8. c3 {[%emt 0:11:41]} c5 {[%emt 0:10:13]} 9. Nbd2 {[%emt 0:03:05]} O-O {[%emt 0:02:23]} 10. Bd3 {[%emt 0:09:05]} Ba6 {[%emt 0:01:17]} 11. Bb1 {[%emt 0:00:07]} Nc6 {[%emt 0:13:48]} 12. h4 {[%emt 0:03:49]} f5 {[%emt 0:09:02]} 13. g4 {[%emt 0:05:20]} cxd4 {[%emt 0:06:33]} 14. cxd4 {[%emt 0:00:08]} g6 {[%emt 0:07:50]} 15. gxf5 {[%emt 0:05:31]} gxf5 {[%emt 0:00:59]} 16. Ng5 {[%emt 0:06:29]} Bxg5 {[%emt 0:00:22]} 17. hxg5 {[%emt 0:00:03]} Rf7 {[%emt 0:00:17]} 18. Nf3 {[%emt 0:01:33]} Nf8 {[%emt 0:02:28]} 19. a3 {[%emt 0:11:48]} Na5 {[%emt 0:04:26]} 20. b3 {[%emt 0:07:02]} Rc8 {[%emt 0:02:21]} 21. Bd2 {[%emt 0:00:06]} Qd7 {[%emt 0:01:09]} 22. a4 {[%emt 0:01:01]} Qe7 {[%emt 0:02:39]} 23. Ra2 {[%emt 0:01:10]} Nc6 {[%emt 0:00:32]} 24. Rc2 {[%emt 0:00:19]} Nb4 {[%emt 0:01:31]} 25. Rxc8 {[%emt 0:00:11]} Bxc8 {[%emt 0:00:06]} 26. Qc1 {[%emt 0:01:44]} Bb7 {[%emt 0:00:17]} 27. Kf2 {[%emt 0:01:18]} a5 {[%emt 0:00:08]} 28. Qe1 {[%emt 0:06:08]} Nc6 {[%emt 0:02:07]} 29. Bd3 {[%emt 0:00:38]} Qa3 {[%emt 0:00:09]} 30. Qb1 {[%emt 0:02:34]} Nb4 {[%emt 0:00:09]} 31. Bxb4 {[%emt 0:01:04]} Qxb4 {[%emt 0:00:03]} 32. Qc2 {[%emt 0:01:24]} Ng6 {[%emt 0:00:44]} 33. Ke3 {[%emt 0:00:09]} Rf8 {[%emt 0:01:34]} 34. Qc7 {[%emt 0:01:25]} Rf7 {[%emt 0:00:25]} 35. Qb8+ {[%emt 0:03:59]} Qf8 {[%emt 0:04:29]} 36. Qd6 {[%emt 0:00:33]} Qxd6 {[%emt 0:00:06]} 37. exd6 {[%emt 0:00:02]} Rd7 {[%emt 0:00:06]} 38. Rc1 {[%emt 0:00:16]} Nf8 {[%emt 0:01:08]} 39. Ne5 {[%emt 0:00:39]} Rxd6 {[%emt 0:00:10]} 40. Rc7 {[%emt 0:00:04]} Ba8 {[%emt 0:00:06]} 41. Rc8 {[%emt 0:00:22]} 1-0

[Event "Pan-AM College-chT 2018"]
[Site "Burlingame"]
[Date "2018.12.29"]
[Round "4"]
[White "Kovalyov, Anton"]
[Black "Shimanov, Aleksandr"]
[Result "1/2-1/2"]
[WhiteElo "2621"]
[BlackElo "2611"]
[Annotator "TA"]
[PlyCount "30"]
[EventDate "2018.12.28"]
[EventType "swiss"]
[EventCountry "USA"]
[SourceTitle "playchess.com"]
[Source "ChessBase"]
[SourceQuality "1"]

{[%evp 24,30,-29,-21,-20,-27,0,0,4]} 1. c4 c5 2. Nf3 Nf6 3. Nc3 Nc6 4. g3 d5 5. cxd5 Nxd5 6. Bg2 g6 7. d3 Bg7 8. Bd2 O-O 9. O-O e6 10. Qc1 b6 11. Bh6 Bb7 12. Bxg7 Kxg7 13. Rd1 {LiveBook: 3 Games. A37: Symmetrical English vs ...g6: 4 Bg2 Bg7 5 Nf3} (13. Nxd5 Qxd5 14. Qc3+ Kg8 15. Rfe1 Qd7 16. e3 Rad8 17. Rad1 Qe7 18. a3 Rd7 19. h4 Rfd8 20. Ng5 f6 {½-½ (58) Dubov,D (2624)-Korobov,A (2720) Tromsoe 2013}) 13... Rc8 14. Qd2 Nf6 $146 ({Predecessor:} 14... Nd4 15. Nxd4 cxd4 16. Nb5 e5 17. Nxa7 Ra8 18. Nb5 Qd7 19. Na3 b5 20. e3 dxe3 21. fxe3 {½-½ (33) Bulthaupt,F (2203)-Bachmann,A (2305) Berlin 2000}) 15. d4 Qe7 1/2-1/2

[Event "Pan-AM College-chT 2018"]
[Site "Burlingame"]
[Date "2018.12.29"]
[Round "4"]
[White "Prohaszka, Peter"]
[Black "Popilski, Gil"]
[Result "1/2-1/2"]
[WhiteElo "2613"]
[BlackElo "2503"]
[Annotator "TA"]
[PlyCount "116"]
[EventDate "2018.12.28"]
[EventType "swiss"]
[EventCountry "USA"]
[SourceTitle "playchess.com"]
[Source "ChessBase"]
[SourceQuality "1"]

{[%evp 17,116,18,31,7,0,20,18,0,56,58,49,61,67,67,88,79,69,46,45,16,24,25,22,25,15,16,27,16,16,14,12,25,18,26,22,10,8,1,1,1,7,5,50,44,42,38,28,37,49,18,17,0,0,2,29,8,14,0,14,0,0,0,14,14,31,0,0,0,8,0,0,0,8,8,8,8,8,8,4,4,12,0,0,0,0,0,0,0,0,0,0,0,0,0,0,0,0,0,0,0,0]} 1. d4 Nf6 2. c4 e6 3. Nf3 Bb4+ 4. Bd2 Qe7 5. g3 Bxd2+ 6. Qxd2 Nc6 {E11: Bogo-Indian} 7. Nc3 d5 8. Ne5 (8. Bg2 O-O 9. b3 Rd8 10. cxd5 exd5 11. e3 Ne4 12. Qb2 Bg4 13. O-O Nxc3 14. Qxc3 {1-0 (51) Georgiev,K (2623)-Almasi,Z (2682) Riadh 2017}) 8... dxc4 9. Bg2 O-O {LiveBook: 14 Games} 10. Bxc6 bxc6 11. O-O c5 12. Rfd1 ({Much weaker is} 12. Nxc4 Rd8 $17) 12... Bb7 (12... Ba6 $1 $11) 13. dxc5 $14 Qxc5 14. Qd4 {[#]} Qa5 $146 15. Nxc4 Qh5 16. f3 Ba6 17. b3 h6 18. Qe5 Bxc4 $1 19. Qxh5 Nxh5 20. bxc4 Nf6 21. Rab1 Rfb8 22. Rxb8+ Rxb8 $11 {[%mdl 4096] Endgame KRN-KRN} 23. Nb5 a6 24. Nxc7 Rb6 25. Rd8+ Kh7 26. Ne8 Nxe8 27. Rxe8 {KR-KR} Rb2 28. Kf2 Rxa2 29. Ke3 a5 30. Ra8 Kg6 31. Kd3 Kf6 32. c5 Ra1 33. Ra7 g5 34. f4 gxf4 35. gxf4 h5 36. Kd2 Ra4 37. Ke3 h4 38. Kf3 Kg6 39. c6 Rc4 40. Rxa5 Rxc6 41. Kg4 Rc4 {The position is equal.} 42. Rg5+ Kf6 43. Rh5 Kg6 {[#] Strongly threatening ...f5+.} 44. Rg5+ Kf6 45. Re5 Kg6 46. e3 Rc2 47. h3 Rg2+ 48. Kxh4 {[#] aiming for Rg5+.} Kf6 49. Rg5 Re2 50. Rg3 Kf5 51. Kh5 f6 52. Kh6 Rh2 53. Kg7 e5 54. Rg6 Rxh3 55. Rxf6+ Ke4 56. Re6 Rxe3 57. Rxe5+ Kxf4 58. Rxe3 Kxe3 {Accuracy: White = 59%, Black = 75%.} 1/2-1/2

[Event "Pan-AM College-chT 2018"]
[Site "Burlingame"]
[Date "2018.12.29"]
[Round "4"]
[White "Gabuzyan, Hovhannes"]
[Black "Baryshpolets, Andrey"]
[Result "1/2-1/2"]
[WhiteElo "2611"]
[BlackElo "2578"]
[Annotator "TA"]
[PlyCount "109"]
[EventDate "2018.12.28"]
[EventType "swiss"]
[EventCountry "USA"]
[SourceTitle "playchess.com"]
[Source "ChessBase"]
[SourceQuality "1"]

{[%evp 16,109,0,0,0,0,0,0,0,14,19,-1,50,56,41,55,48,59,56,51,48,56,57,20,33,28,30,0,18,0,26,12,24,0,24,6,30,6,0,0,0,0,18,22,30,10,26,17,17,17,23,1,1,0,0,1,29,0,0,0,0,0,0,0,0,0,0,0,0,0,0,0,0,0,0,0,0,0,0,0,0,0,0,0,0,0,0,0,0,0,0,0,0,0,0,0]} 1. Nf3 d5 2. g3 c6 3. Bg2 Nf6 4. O-O Bg4 5. c4 e6 {[%cal Be7e6,Be6d5][%mdl 32]} 6. cxd5 exd5 7. d3 Be7 8. Qb3 {A11: English Opening: 1...c6} Qc8 (8... Qb6 9. Qc2 Nbd7 10. h3 Bxf3 11. Bxf3 O-O 12. Nd2 Rfe8 13. e3 a5 14. b3 a4 15. Bb2 a3 {0-1 (59) Khairullin,I (2652)-Meier,G (2654) Berlin 2015}) 9. Nc3 {LiveBook: 4 Games} O-O 10. e4 dxe4 11. dxe4 Na6 12. Be3 Re8 13. Nd4 $146 ({Predecessor:} 13. Ng5 Bh5 14. Bh3 Qc7 15. f4 h6 {½-½ (77) Vitouch,A (2325)-Dizdar,G (2501) Austria 2014}) 13... Nc5 ({Better is} 13... c5 $11 14. Nf5 Bxf5 15. exf5 Nb4) 14. Qc2 $1 $14 Bf8 15. f3 Bh3 16. Rad1 Bxg2 17. Kxg2 g6 18. Rfe1 a5 19. Qf2 Nfd7 20. a4 Qc7 21. Nc2 b6 22. Bf4 Qb7 23. Ne3 Bg7 24. Ng4 Ne5 25. Bxe5 Bxe5 26. Nxe5 Rxe5 27. Rd4 Rae8 28. Red1 Qc8 29. Qc2 Ne6 30. R4d3 Nc5 31. Rd6 R5e6 32. R6d4 R6e7 33. h4 h5 34. b4 axb4 35. Rxb4 Qa6 36. Rdb1 Rb7 {The position is equal.} 37. Rd1 Rd7 38. Rxd7 Nxd7 39. Qd2 Ne5 40. Rd4 Qa5 41. Rd8 Rxd8 42. Qxd8+ Kg7 43. Qd4 {[#] Strongly threatening f4.} f6 44. f4 c5 45. Qd2 Nf7 46. Qc2 Nd6 47. Qd3 Qb4 48. Qxd6 {[#] Intending Qe7+ and mate.} Qxc3 $11 {[%mdl 4096] Endgame KQ-KQ} 49. Qe7+ Kg8 50. Qe8+ Kg7 51. Qe7+ Kg8 52. Qe6+ Kg7 53. f5 {Qe7+ is the strong threat.} gxf5 54. Qe7+ Kg6 {And now ...Qc2+ would win.} 55. Qe8+ {Accuracy: White = 72%, Black = 62%.} 1/2-1/2